000 00533nam a2200193Ia 4500
999 _c8652
_d8652
003 OSt
005 20201009104632.0
008 190216s9999||||xx |||||||||||||| ||und||
020 _a9780201352238
040 _coclc
082 _a005.1
_bKNU/A
100 _aKnuth, Donald E
_95515
245 0 _aThe Art Of Computer Programming /
_cDonald E Knuth
250 _a3rd Ed.
260 _bAddison-Wesley,
_aEngland:
_c1997.
300 _a650p
650 _aComputer
942 _cBK
_2ddc
_h005.1
_iKNU/A
_k005.1
_mKNU/A